| 000 | 00715nam a2200241 a 4500 | ||
|---|---|---|---|
| 001 | BRCA_4755 | ||
| 005 | 20190320204806.0 | ||
| 008 | 071010s1923----gw-a######---#000-0#ger-# | ||
| 041 | _ager | ||
| 044 | _agw | ||
| 050 | 4 |
_aND813.G6 _b.M39 1923 |
|
| 100 | 1 |
_aMayer, August L. _912030 |
|
| 245 | 1 | 0 |
_aFrancisco de Goya _cvon August L. Mayer. |
| 260 |
_aMunich, Alemania _bF. Bruckmann _c1923 |
||
| 300 |
_axi, 274 p. _bil., 434 láminas _c27 cm. |
||
| 500 | _aIncluye índice de ilustraciones y de dibujos | ||
| 500 | _aD96 | ||
| 504 | _aBibliografía: p. 263-264 | ||
| 600 | 1 | 4 |
_aGoya y Lucientes, Francisco José de _d1746-1828 _911075 |
| 650 | 1 | 4 |
_aPintores españoles _97620 |
| 902 | _aGFM | ||
| 942 |
_2lcc _cB |
||
| 999 |
_c4453 _d4453 |
||